000 00663nam a22002417a 4500
003 UA-OsUOA
001 24682
007 ta
008 20040226b un ||||| |||| 00| 0 ukr d
090 _a347.6(477)
_bС37
942 _cBK
040 _aUA-OsUOA
_bukr
_cUA-OsUOA
_dUA-OsUOA
245 _aСімейне право України
_bПідручник
_cРед. В.С.Гопанчук
300 _a304 с.
955 _a2
041 _aukr
080 _a347.6(477)
020 _a966-7613-26-7
260 _aКиїв
_bІстина
_c2002
044 _aUA
650 7 _a347 Цивільне право. Судовий устрій
_2UDC
999 _c310962
_d310962